Купол Надежды: роман-мечта в 3-х книгах; Кн. 1. Враг голода; Кн. 2. Модель грядущего; Кн. 3. Тревоги ледяного грота

Detalles Bibliográficos
Autor principal: Казанцев А. П. Александр Петрович
Otros Autores: Макаров Ю. (иллюстратор)
Lenguaje:ruso
Publicado: Москва, Молодая гвардия, 1980
TOC:Кн. 1. Враг голода;
Кн. 2. Модель грядущего;
Кн. 3. Тревоги ледяного грота;
Materias:
Formato: MixedMaterials Libro
KOHA link:https://koha.lib.tpu.ru/cgi-bin/koha/opac-detail.pl?biblionumber=96425

MARC

LEADER 00000nam0a2200000 4500
001 96425
005 20231101214052.0
035 |a (RuTPU)RU\TPU\book\103224 
090 |a 96425 
100 |a 20060515d1980 e y0rusy50 ca 
101 0 |a rus 
102 |a RU 
105 |a a z 000ay 
200 1 |a Купол Надежды  |e роман-мечта в 3-х книгах  |f А. П. Казанцев  |g худож. Ю. Макаров 
210 |a Москва  |c Молодая гвардия  |d 1980 
215 |a 431 с.  |c ил.  |d 20,5 см. 
316 |5 63413507: 80-6654  |a С автографом автора. На форзаце дарственная надпись: "Научно-технической библ-ке Томского политехнического института обязат. экз. А. Казанцев 2.7.80" 
317 |5 63413507: 80-6654  |a Поступил в НТБ в дар от А. П. Казанцева 
464 |t Кн. 1. Враг голода 
464 |t Кн. 2. Модель грядущего 
464 |t Кн. 3. Тревоги ледяного грота  
606 1 |a Русская литература современная  |2 stltpush  |3 (RuTPU)RU\TPU\subj\26373  |9 50316 
610 1 |a художественная литература 
610 1 |a романы 
610 1 |a фантастика 
610 1 |a дары автора 
610 1 |a выпускники ТПУ 
610 1 |a дарственные надписи 
610 1 |a Коллекция А. П. Казанцева 
675 |a Р2  |v 3 
700 1 |a Казанцев  |b А. П.  |c русский советский писатель-фантаст  |c член Союза писателей СССР  |c выпускник механического факультета ТТИ 1930 г.  |f 1906-2002  |g Александр Петрович  |2 stltpush  |3 (RuTPU)RU\TPU\pers\15808 
702 1 |a Макаров  |b Ю.  |4 440 
801 1 |a RU  |b 63413507  |c 20060515  |g PSBO 
801 2 |a RU  |b 63413507  |c 20230629  |g PSBO 
942 |c BK